Post-roman towns, trade and settlement in Europe and Byzantium (Record no. 40624)

MARC details
000 -LEADER
fixed length control field 00786nam a2200217Ia 4500
008 - FIXED-LENGTH DATA ELEMENTS--GENERAL INFORMATION
fixed length control field 191130s2007##################000#0#eng##
020 ## - INTERNATIONAL STANDARD BOOK NUMBER
International Standard Book Number 9783110183580
040 ## - CATALOGING SOURCE
Original cataloging agency ACL
Transcribing agency ACL
082 ## - DEWEY DECIMAL CLASSIFICATION NUMBER
Classification number 307.76094 HEN.2
100 ## - MAIN ENTRY--PERSONAL NAME
Personal name Henning, Joachim
245 ## - TITLE STATEMENT
Title Post-roman towns, trade and settlement in Europe and Byzantium
Statement of responsibility, etc. Joachim Hennings
260 ## - PUBLICATION, DISTRIBUTION, ETC.
Place of publication, distribution, etc. Berlin
Name of publisher, distributor, etc. Walter De Gruyter
Date of publication, distribution, etc. c2007
300 ## - PHYSICAL DESCRIPTION
Extent 2 v. : ill. (some col.), maps (some col.) ; 25 cm
500 ## - GENERAL NOTE
General note Includes bibliographical references
650 ## - SUBJECT ADDED ENTRY--TOPICAL TERM
Topical term or geographic name entry element Cities and towns, Ancient -- Europe -- Congresses
Topical term or geographic name entry element Cities and towns, Medieval -- Europe -- Congresses
Topical term or geographic name entry element Excavations (Archaeology) -- Europe -- Congresses
990 ## - EQUIVALENCES OR CROSS-REFERENCES [LOCAL, CANADA]
Link information for 9XX fields 86c48659ac10000c4ca0a942f3811749
991 ## -
-- 198449
Holdings
Withdrawn status Lost status Materials specified (bound volume or other part) Damaged status Not for loan Home library Current library Shelving location Date acquired Total Checkouts Full call number Barcode Date last seen Price effective from Koha item type
    hbk     Anna Centenary Library Anna Centenary Library 3RD FLOOR, B WING 09.10.2020   307.76094 HEN.2 388426 09.10.2020 09.10.2020 English Books

Find us on the map